000 01384cam a22001934a 4500
005 20250605164049.0
008 250528s ||||||||||||||||||||||||d
035 _a17225
020 _a13371246
040 _aGR-AtMCL
_bgre
_dGR-AtMCL
_eAACR2
245 1 _aEconomics for Business
260 _bPrentice Hall,
_c1997
300 _a652
520 _aA comprehensive, easily accessible introduction to economics for those with no previous background in the Subject. Preface, Economic Policy in the 1990s, What Makes Nations Grow?, The Market System and Competition, The Market System in Action, Market Demand and the Pricing Decision, The Firm in a competitive Market, The Economic of Market Power, Market Structure and Competition and Policy and Privatization, Government Intervention and the Market System, Business and the Environment, The Macroeconomic Framework, Inflation and Central Banks, Understanding Interest Rates and Monetary Policy, Unemployment, Fiscal Policy and Budget Deficits and Government Debt, Business Fluctuations and Forecasting, The Global Economy, Foreign Trade: Patterns and Policy, Capital Flows and Foreign Investment and Labor Migration, The Balance of Payments: What it is and Why it Matters, Coping with Exchange Rates, Exchange Rates Regimes, Index.
700 1 _aMcaleese Dermot
_93389
942 _cBK
999 _c2657
_d2657